NBA 2005 Playoffs Starters - Statistics

General Stats
  • This quiz has been taken 590 times
    562 since last reset
  • The average score is 45 of 80
Answer Stats
Team Player % Correct
Heat Dwyane Wade
98%
Mavericks Dirk Nowitzki
96%
Suns Steve Nash
96%
Spurs Tim Duncan
96%
Nets Jason Kidd
95%
Spurs Tony Parker
95%
Pistons Ben Wallace
94%
Pistons Rasheed Wallace
94%
Heat Shaquille O'Neal
94%
Pistons Chauncey Billups
92%
76ers Allen Iverson
91%
Celtics Paul Pierce
91%
Rockets Yao Ming
90%
Kings Brad Miller
89%
Nuggets Andre Miller
88%
Grizzlies Mike Miller
88%
SuperSonics Ray Allen
88%
Pacers Reggie Miller
88%
Suns Amar'e Stoudemire
87%
Pacers Jermaine O'Neal
87%
Grizzlies Pau Gasol
87%
Celtics Tony Allen
87%
Spurs Manu Ginóbili
86%
Rockets Tracy McGrady
86%
Nuggets Carmelo Anthony
84%
Grizzlies Jason Williams
84%
Pistons Richard Hamilton
84%
Wizards Gilbert Arenas
82%
76ers Chris Webber
79%
Suns Shawn Marion
79%
Celtics Gary Payton
76%
Nets Vince Carter
76%
Kings Mike Bibby
72%
Pistons Tayshaun Prince
71%
Kings Peja Stojaković
70%
Pacers Stephen Jackson
70%
Suns Joe Johnson
69%
Heat Udonis Haslem
67%
Nuggets Kenyon Martin
66%
Spurs Bruce Bowen
64%
Celtics Antoine Walker
63%
Mavericks Jason Terry
61%
Wizards Antawn Jamison
54%
Heat Damon Jones
53%
Heat Eddie Jones
53%
SuperSonics Rashard Lewis
51%
Bulls Kirk Hinrich
49%
Suns Quentin Richardson
47%
Grizzlies Shane Battier
47%
Nuggets Marcus Camby
46%
Mavericks Josh Howard
45%
76ers Andre Iguodala
44%
Bulls Antonio Davis
44%
Pacers Dale Davis
44%
Mavericks Michael Finley
43%
SuperSonics Jerome James
42%
Spurs Nazr Mohammed
38%
Nets Jason Collins
31%
Kings Kenny Thomas
30%
Pacers Jamaal Tinsley
27%
76ers Samuel Dalembert
26%
Wizards Brendan Haywood
22%
Wizards Larry Hughes
22%
Mavericks Erick Dampier
20%
SuperSonics Luke Ridnour
17%
Kings Cuttino Mobley
15%
76ers Kyle Korver
14%
Grizzlies Lorenzen Wright
13%
Nets Nenad Krstić
10%
Celtics Raef LaFrentz
10%
Bulls Othella Harrington
9%
SuperSonics Reggie Evans
9%
Bulls Andrés Nocioni
8%
Bulls Chris Duhon
8%
Rockets Bob Sura
6%
Nets Brian Scalabrine
5%
Rockets David Wesley
5%
Wizards Jared Jeffries
4%
Nuggets Greg Buckner
2%
Rockets Scott Padgett
2%
No matching quizzes found
Score Distribution
Percent of People with Each Score
Percentile by Number Answered
Your Score History
You have not taken this quiz since the last reset